[Event "3rd ch-GER Internet Blitz Candidates"]
[Site "playchess INT"]
[Date "2005.04.02"]
[Round "9"]
[White "Zwahr, P."]
[Black "Boettcher, C."]
[Result "0-1"]
[WhiteElo "2104"]
[BlackElo "2166"]
[PlyCount "128"]
[EventDate "2005.04.02"]
[EventType "swiss (blitz)"]
[EventRounds "15"]
[Source "Mark Crowther"]
[SourceDate "2005.04.04"]

1. e4 d6 2. d4 Nd7 3. Nc3 g6 4. f4 Bg7 5. Nf3 e5 6. Be3 c6 7. Qd2 Qe7 8. O-O-O
h6 9. Bc4 Ngf6 10. dxe5 dxe5 11. fxe5 Ng4 12. e6 fxe6 13. Bg1 h5 14. Kb1 Nb6
15. Bb3 O-O 16. h3 Ne5 17. Bd4 Nxf3 18. gxf3 Rxf3 19. Rhg1 Kh7 20. Qg2 Qf7 21.
Bxg7 Kxg7 22. Rdf1 Rxf1+ 23. Rxf1 Qe7 24. e5 Nd5 25. Ne4 Ne3 26. Qe2 Nxf1 27.
Qxf1 Bd7 28. Nf6 Rf8 29. Qd3 Rxf6 30. exf6+ Kxf6 31. Qd4+ e5 32. Qxa7 Bxh3 33.
a4 Bf5 34. a5 e4 35. Qd4+ Qe5 36. Qd8+ Qe7 37. Qd4+ Qe5 38. Qd8+ Kg7 39. Qg8+
Kh6 40. Qf8+ Kg5 41. Qd8+ Kg4 42. Qd1+ Kh4 43. Qh1+ Bh3 44. Qe1+ Kg4 45. Qe2+
Kg5 46. Qe3+ Qf4 47. Qxh3 e3 48. Qg2+ Kf5 49. Qe2 h4 50. Bc4 h3 51. Bd3+ Kg5
52. Qe1 Qf2 53. Qh1 h2 54. Ka2 Qg1 55. Qe4 h1=Q 56. Qxg6+ Kf4 57. Qf5+ Kg3 58.
Qg5+ Kf2 59. Qf5+ Ke1 60. Qe5 Qd5+ 61. Qxd5 cxd5 62. b4 Qf2 63. Kb3 Qd2 64. Ka4
Qxd3 0-1

[Event "3rd ch-GER Internet Blitz Candidates"]
[Site "playchess INT"]
[Date "2005.04.02"]
[Round "9"]
[White "Muse, D."]
[Black "Kostic, Vl"]
[Result "0-1"]
[WhiteElo "2418"]
[BlackElo "2439"]
[PlyCount "88"]
[EventDate "2005.04.02"]
[EventType "swiss (blitz)"]
[EventRounds "15"]
[Source "Mark Crowther"]
[SourceDate "2005.04.04"]

1. d4 d5 2. Nf3 e6 3. c4 c5 4. cxd5 exd5 5. Nc3 Nc6 6. Bg5 Be7 7. Bxe7 Ngxe7 8.
e3 cxd4 9. Nxd4 O-O 10. Be2 Qb6 11. Nb3 Rd8 12. Nb5 a6 13. N5d4 a5 14. O-O a4
15. Nxc6 bxc6 16. Qd4 Rb8 17. Qxa4 c5 18. Bf3 c4 19. Nd4 Qxb2 20. h3 Qb4 21.
Qc2 Bd7 22. Rfc1 Qa3 23. e4 Ba4 24. Qe2 Qc5 25. exd5 c3 26. Nc6 Nxc6 27. dxc6
c2 28. Qe4 Rd4 29. c7 Rf8 30. Qe3 Rc4 31. Be2 Qxe3 32. fxe3 Rxc7 33. a3 Rb8 34.
Kf2 Rc3 35. Bf3 g6 36. e4 Kg7 37. Ke2 Rd8 38. Ra2 Rd1 39. Raa1 Rcd3 40. Kf2
R1d2+ 41. Kg1 h5 42. h4 f6 43. Kf1 Kh6 44. Ke1 Rd4 0-1

[Event "3rd ch-GER Internet Blitz Candidates"]
[Site "playchess INT"]
[Date "2005.04.02"]
[Round "9"]
[White "Ottmann, M."]
[Black "Koepke, C."]
[Result "0-1"]
[WhiteElo "2142"]
[BlackElo "2226"]
[PlyCount "100"]
[EventDate "2005.04.02"]
[EventType "swiss (blitz)"]
[EventRounds "15"]
[Source "Mark Crowther"]
[SourceDate "2005.04.04"]

1. d4 d5 2. Nf3 Nf6 3. c4 e6 4. Bg5 Be7 5. e3 h6 6. Bh4 O-O 7. Nbd2 Ne4 8. Bxe7
Qxe7 9. Nxe4 dxe4 10. Nd2 f5 11. Be2 e5 12. dxe5 Nc6 13. O-O Nxe5 14. Qb3 c6
15. Rfd1 Be6 16. Qc3 Bf7 17. b3 Kh8 18. Nf1 Rad8 19. Ng3 Bg6 20. Rd4 Rxd4 21.
Qxd4 Rd8 22. Qxa7 Rd2 23. Rd1 Rxd1+ 24. Bxd1 Qd6 25. Be2 Nd3 26. Qxb7 f4 27.
exf4 Qxf4 28. Qa7 c5 29. Bxd3 exd3 30. Nf1 Qc1 31. Qd7 Qb1 32. a4 d2 33. Qxd2
Bd3 34. h3 Bxf1 35. Kh2 Qxb3 36. a5 Bxc4 37. Qd6 Qb5 38. a6 Qxa6 39. Qxc5 Bg8
40. g3 Qe2 41. Qd4 Qe6 42. Qc5 Qd5 43. Qe3 Be6 44. Qb6 Kh7 45. Qb1+ Bf5 46. Qb2
Be4 47. Qe2 Bf3 48. Qe3 Qe4 49. Qc5 Be2 50. Qb6 Bf1 0-1

[Event "3rd ch-GER Internet Blitz Candidates"]
[Site "playchess INT"]
[Date "2005.04.02"]
[Round "9"]
[White "Gaede, D."]
[Black "Peschlow, P."]
[Result "1-0"]
[WhiteElo "2194"]
[BlackElo "2318"]
[PlyCount "95"]
[EventDate "2005.04.02"]
[EventType "swiss (blitz)"]
[EventRounds "15"]
[Source "Mark Crowther"]
[SourceDate "2005.04.04"]

1. d4 Nf6 2. c4 g6 3. Nc3 d5 4. cxd5 Nxd5 5. Bd2 Bg7 6. e4 Nb6 7. Be3 O-O 8.
Be2 Nc6 9. Nf3 Bg4 10. d5 Bxf3 11. gxf3 Ne5 12. Qb3 c6 13. f4 Ned7 14. dxc6
bxc6 15. h4 e6 16. h5 Qe7 17. hxg6 hxg6 18. f5 exf5 19. exf5 Rab8 20. Qc2 Ne5
21. Ne4 gxf5 22. Bc5 Qe6 23. Ng3 Rfe8 24. Nxf5 Ng6 25. Nxg7 Kxg7 26. Bd4+ Kg8
27. Kf1 Rbd8 28. Rd1 c5 29. Bc3 Rxd1+ 30. Qxd1 Nd5 31. Bd2 Ndf4 32. Bf3 Qc4+
33. Kg1 Re5 34. Rh2 Rg5+ 35. Rg2 Rxg2+ 36. Bxg2 Nxg2 37. Kxg2 Qxa2 38. Bc3 Qe6
39. Qd8+ Kh7 40. Qg5 Qe4+ 41. f3 Qe2+ 42. Kg3 Qe6 43. Kf2 Kg8 44. Qg3 Qd7 45.
Qb8+ Kh7 46. Qh2+ Kg8 47. Qh6 Qd3 48. Qg7# 1-0

[Event "3rd ch-GER Internet Blitz Candidates"]
[Site "playchess INT"]
[Date "2005.04.02"]
[Round "9"]
[White "Hoffmann, L."]
[Black "Heimann, A."]
[Result "1-0"]
[WhiteElo "2157"]
[BlackElo "2095"]
[PlyCount "107"]
[EventDate "2005.04.02"]
[EventType "swiss (blitz)"]
[EventRounds "15"]
[Source "Mark Crowther"]
[SourceDate "2005.04.04"]

1. e4 e5 2. Nf3 Nc6 3. Nc3 Nf6 4. d4 exd4 5. Nd5 Be7 6. Bc4 O-O 7. Nxd4 Nxe4 8.
O-O Nf6 9. Nxc6 dxc6 10. Nxe7+ Qxe7 11. Re1 Qd6 12. Qf3 Bg4 13. Qb3 b5 14. Bd3
Rfe8 15. Bg5 Rxe1+ 16. Rxe1 Re8 17. Rxe8+ Nxe8 18. h3 Be6 19. Qc3 h6 20. Be3 a6
21. Qa5 c5 22. a4 c4 23. Bf1 Bd7 24. axb5 axb5 25. Qa8 Kh7 26. Qe4+ f5 27. Qb7
Nf6 28. Qf3 Nd5 29. Bd4 c6 30. c3 Qf4 31. Qe2 Qe4 32. Qd2 Be6 33. Be2 Qf4 34.
Qe1 Qd6 35. Bf3 c5 36. Be5 Qd7 37. Qd2 Ne7 38. Qe2 Ng6 39. g3 Nxe5 40. Qxe5
Qd1+ 41. Bxd1 Bf7 42. Bc2 Bg6 43. Bxf5 Bxf5 44. Qxf5+ Kg8 45. Qxc5 Kf7 46. Qxb5
Kf6 47. Qxc4 Kf5 48. b4 Kf6 49. b5 Kf5 50. b6 Kf6 51. b7 Kf5 52. Qf4+ Ke6 53.
b8=Q Kd5 54. Qbd6# 1-0

[Event "3rd ch-GER Internet Blitz Candidates"]
[Site "playchess INT"]
[Date "2005.04.02"]
[Round "9"]
[White "Phildius, B."]
[Black "Womacka, M."]
[Result "1/2-1/2"]
[WhiteElo "2312"]
[BlackElo "2436"]
[PlyCount "123"]
[EventDate "2005.04.02"]
[EventType "swiss (blitz)"]
[EventRounds "15"]
[Source "Mark Crowther"]
[SourceDate "2005.04.04"]

1. h3 c5 2. d3 Nc6 3. g4 g6 4. Bg2 Bg7 5. Nc3 e5 6. e4 d6 7. f4 exf4 8. Bxf4
Nge7 9. Nf3 O-O 10. O-O Rb8 11. Qd2 b5 12. Rae1 b4 13. Nd1 Be6 14. Bh6 f6 15.
Bxg7 Kxg7 16. c3 Bxa2 17. d4 Bc4 18. Rf2 bxc3 19. bxc3 Qa5 20. Ne3 Bg8 21. d5
Ne5 22. Ref1 Qa6 23. Ne1 h6 24. h4 Bh7 25. Kh2 g5 26. h5 Qa4 27. Nd3 Bxe4 28.
Nb2 Rxb2 29. Qxb2 Bxg2 30. Rxg2 Qe4 31. Qe2 Kh7 32. Nf5 Qxe2 33. Rxe2 Nxg4+ 34.
Kg3 Nxf5+ 35. Rxf5 Ne5 36. Rf1 Kg7 37. Ra1 f5 38. Rxa7+ Rf7 39. Rxf7+ Kxf7 40.
Ra2 f4+ 41. Kf2 Kf6 42. Ra8 Kf5 43. Rh8 Ke4 44. Rxh6 Ng4+ 45. Kg2 Nxh6 46. Kh3
Kxd5 47. Kg2 Kc4 48. Kf3 Kxc3 49. Ke4 d5+ 50. Kxd5 f3 51. Ke5 f2 52. Kf6 f1=Q+
53. Kg6 Qh3 54. Kxg5 Nf5 55. Kg6 c4 56. Kg5 Qxh5+ 57. Kxh5 Kd2 58. Kg5 c3 59.
Kf4 c2 60. Ke5 c1=Q 61. Kf6 Qc6+ 62. Kg5 1/2-1/2

[Event "3rd ch-GER Internet Blitz Candidates"]
[Site "playchess INT"]
[Date "2005.04.02"]
[Round "9"]
[White "Schmidt, Ha"]
[Black "Vuckovic, Alek"]
[Result "1/2-1/2"]
[WhiteElo "2368"]
[BlackElo "2325"]
[PlyCount "101"]
[EventDate "2005.04.02"]
[EventType "swiss (blitz)"]
[EventRounds "15"]
[Source "Mark Crowther"]
[SourceDate "2005.04.04"]

1. e4 c5 2. d4 cxd4 3. c3 dxc3 4. Nxc3 e6 5. Nf3 a6 6. Bd3 b5 7. O-O Bb7 8. Bf4
d6 9. Qe2 Nc6 10. Rfd1 Qa5 11. a3 Be7 12. b4 Qb6 13. a4 Nxb4 14. axb5 Nxd3 15.
Qxd3 axb5 16. Rxa8+ Bxa8 17. Nxb5 Nf6 18. Nxd6+ Bxd6 19. Bxd6 Bxe4 20. Qa3 Bxf3
21. gxf3 Nd5 22. Qa4+ Kd8 23. Be5 Ke7 24. Qa3+ Kd7 25. Rc1 f6 26. Bg3 e5 27.
Qd3 Ke6 28. f4 Rd8 29. fxe5 fxe5 30. Re1 Nf6 31. Rxe5+ Kf7 32. Qc4+ Kf8 33. Re1
Qd4 34. Qb3 Qd5 35. Qxd5 Rxd5 36. Be5 Kf7 37. Bxf6 Kxf6 38. Re3 Rf5 39. Rg3 g5
40. Kg2 h5 41. Rf3 Kg6 42. Rxf5 Kxf5 43. Kf3 g4+ 44. Kg3 Kg5 45. h4+ Kf5 46. f3
gxf3 47. Kxf3 Ke5 48. Ke3 Kf5 49. Kf3 Ke5 50. Ke3 Kf5 51. Kf3 1/2-1/2

[Event "3rd ch-GER Internet Blitz Candidates"]
[Site "playchess INT"]
[Date "2005.04.02"]
[Round "9"]
[White "Feuerstack, A."]
[Black "Heyken, E."]
[Result "1-0"]
[WhiteElo "2224"]
[BlackElo "2331"]
[PlyCount "97"]
[EventDate "2005.04.02"]
[EventType "swiss (blitz)"]
[EventRounds "15"]
[Source "Mark Crowther"]
[SourceDate "2005.04.04"]

1. e4 e5 2. Bc4 Nf6 3. d3 g6 4. f4 d6 5. Nf3 Nc6 6. Ng5 d5 7. exd5 Nxd5 8. Qf3
Ncb4 9. fxe5 Be6 10. O-O Qd7 11. Nxe6 fxe6 12. Nc3 Bc5+ 13. Kh1 Rf8 14. Qd1
Rxf1+ 15. Qxf1 Nxc2 16. Ne4 Be7 17. Rb1 O-O-O 18. Bd2 Nce3 19. Qg1 Nxc4 20.
dxc4 Nb6 21. Bc3 Qd3 22. Re1 Qxc4 23. Qf2 Rf8 24. Nf6 Bc5 25. Qg3 Nd5 26. Qh3
Nxc3 27. bxc3 Rd8 28. Qxh7 Qe2 29. Qh4 Bf2 30. Qe4 Qxe1+ 31. Qxe1 Bxe1 32. g4
Bxc3 33. Kg2 Bxe5 34. Ne4 Rd3 35. g5 Ra3 36. h4 Rxa2+ 37. Kf3 b5 38. Kg4 b4 39.
h5 gxh5+ 40. Kxh5 Re2 41. Nc5 Rg2 42. Nd3 Rxg5+ 43. Kxg5 b3 44. Nxe5 b2 45. Nf7
Kb7 46. Nd6+ Kc6 47. Nc4 Kc5 48. Na5 Kd4 49. Nb3+ 1-0

[Event "3rd ch-GER Internet Blitz Candidates"]
[Site "playchess INT"]
[Date "2005.04.02"]
[Round "10"]
[White "Margoline, B."]
[Black "Drabke, L."]
[Result "0-1"]
[WhiteElo "2427"]
[BlackElo "2456"]
[PlyCount "62"]
[EventDate "2005.04.02"]
[EventType "swiss (blitz)"]
[EventRounds "15"]
[Source "Mark Crowther"]
[SourceDate "2005.04.04"]

1. e4 c5 2. Nf3 e6 3. c4 Nc6 4. Nc3 Nf6 5. Be2 d5 6. exd5 exd5 7. d4 Be6 8. Bg5
cxd4 9. Nxd4 Nxd4 10. Qxd4 dxc4 11. Bxf6 gxf6 12. Rd1 Qxd4 13. Rxd4 Bc5 14. Re4
f5 15. Rf4 Bd6 16. Rh4 Rc8 17. O-O a6 18. Rd1 Be7 19. Rf4 Bg5 20. Rfd4 Bf6 21.
R4d2 O-O 22. Bf3 Rc7 23. Nd5 Bxd5 24. Bxd5 b5 25. g3 Kg7 26. Kg2 Rd8 27. Bf3
Rxd2 28. Rxd2 b4 29. Bd5 a5 30. b3 c3 31. Re2 c2 0-1

[Event "3rd ch-GER Internet Blitz Candidates"]
[Site "playchess INT"]
[Date "2005.04.02"]
[Round "10"]
[White "Junge, Ka"]
[Black "Boettcher, C."]
[Result "1/2-1/2"]
[WhiteElo "2256"]
[BlackElo "2166"]
[PlyCount "112"]
[EventDate "2005.04.02"]
[EventType "swiss (blitz)"]
[EventRounds "15"]
[Source "Mark Crowther"]
[SourceDate "2005.04.04"]

1. Nf3 d6 2. d4 Nd7 3. g3 g6 4. Bg2 Bg7 5. O-O e5 6. c4 f5 7. dxe5 dxe5 8. Nc3
Ngf6 9. e4 O-O 10. exf5 gxf5 11. Qc2 e4 12. Nh4 Ne5 13. Rd1 Qe7 14. Bg5 c6 15.
Ne2 h6 16. Be3 Nh5 17. Nf4 Nxf4 18. Bxf4 Qf7 19. Bxe5 Bxe5 20. Bf1 Be6 21. Rac1
Rad8 22. b3 Bf6 23. Ng2 Bg5 24. Rb1 Qg6 25. h4 Bf6 26. Nf4 Qf7 27. Nxe6 Qxe6
28. c5 Kh7 29. Rxd8 Rxd8 30. Rd1 Rd7 31. Rxd7+ Qxd7 32. g4 Bxh4 33. gxf5 Qxf5
34. Bg2 Qe5 35. Qxe4+ Qxe4 36. Bxe4+ Kg7 37. Bf5 Be7 38. Bc8 b6 39. cxb6 axb6
40. Bd7 c5 41. Be6 Kf6 42. Bc4 Ke5 43. Kg2 Kd4 44. a4 Bg5 45. Kg3 Ke5 46. Kg4
Bf4 47. Bb5 Bd2 48. Bc6 Bf4 49. Kh5 Bd2 50. Kg4 Bf4 51. Bg2 Bd2 52. Kf3 Bf4 53.
Ke2 Kd4 54. Kf3 Ke5 55. Kg4 Bd2 56. Kf3 Bf4 1/2-1/2

[Event "3rd ch-GER Internet Blitz Candidates"]
[Site "playchess INT"]
[Date "2005.04.02"]
[Round "10"]
[White "Fridman, D2."]
[Black "Krivoshey, S."]
[Result "1/2-1/2"]
[WhiteElo "2569"]
[BlackElo "2487"]
[PlyCount "58"]
[EventDate "2005.04.02"]
[EventType "swiss (blitz)"]
[EventRounds "15"]
[Source "Mark Crowther"]
[SourceDate "2005.04.04"]

1. d4 d5 2. Nf3 Nf6 3. c4 c6 4. e3 Bg4 5. h3 Bh5 6. Nc3 e6 7. Qb3 Qb6 8. Ne5
Nbd7 9. g4 Bg6 10. Nxg6 hxg6 11. g5 Ng8 12. c5 Qxb3 13. axb3 a6 14. b4 Rc8 15.
e4 Ne7 16. f3 e5 17. Be3 f5 18. exd5 Nxd5 19. Nxd5 cxd5 20. h4 Be7 21. f4 exf4
22. Bxf4 Nf8 23. Bg2 Ne6 24. Be5 Rd8 25. b5 axb5 26. Ra7 Rd7 27. Ra5 Kf7 28.
Rxb5 Ra8 29. O-O Rh8 1/2-1/2

[Event "3rd ch-GER Internet Blitz Candidates"]
[Site "playchess INT"]
[Date "2005.04.02"]
[Round "10"]
[White "Reich, T."]
[Black "Kopylov, M."]
[Result "1-0"]
[WhiteElo "2406"]
[BlackElo "2430"]
[PlyCount "59"]
[EventDate "2005.04.02"]
[EventType "swiss (blitz)"]
[EventRounds "15"]
[Source "Mark Crowther"]
[SourceDate "2005.04.04"]

1. d4 Nf6 2. c4 c5 3. d5 b5 4. Nd2 bxc4 5. e4 e6 6. Bxc4 Bb7 7. Ngf3 exd5 8.
exd5 Bxd5 9. Bxd5 Nxd5 10. O-O Be7 11. Nc4 Nc7 12. Nd6+ Bxd6 13. Qxd6 Ne6 14.
Re1 Qe7 15. Qd5 Nc6 16. Bg5 f6 17. Rxe6 Qxe6 18. Re1 Qxe1+ 19. Nxe1 fxg5 20.
Nd3 O-O-O 21. Nxc5 Rhe8 22. h4 Re5 23. Qc4 Kc7 24. b4 Rde8 25. b5 Na5 26. Na6+
Kb6 27. Qd4+ Kb7 28. Qxd7+ Kb6 29. a4 R5e6 30. Qc7# 1-0

[Event "3rd ch-GER Internet Blitz Candidates"]
[Site "playchess INT"]
[Date "2005.04.02"]
[Round "10"]
[White "Zimmermann, J."]
[Black "Schmidt, Ha"]
[Result "1-0"]
[WhiteElo "2335"]
[BlackElo "2368"]
[PlyCount "87"]
[EventDate "2005.04.02"]
[EventType "swiss (blitz)"]
[EventRounds "15"]
[Source "Mark Crowther"]
[SourceDate "2005.04.04"]

1. e4 c5 2. Nf3 Nc6 3. d4 cxd4 4. Nxd4 Nf6 5. Nc3 d5 6. exd5 Nxd5 7. Nxc6 bxc6
8. Bc4 e6 9. Qf3 Be7 10. O-O O-O 11. Re1 a5 12. Ne4 Ba6 13. Bxa6 Rxa6 14. b3 a4
15. Bb2 axb3 16. axb3 Rxa1 17. Rxa1 Nf6 18. Nxf6+ Bxf6 19. Bxf6 Qxf6 20. Qxf6
gxf6 21. Kf1 f5 22. Ra5 Kg7 23. Rc5 Rc8 24. c3 Kf6 25. b4 Ke7 26. b5 Kd6 27.
Rxc6+ Rxc6 28. bxc6 Kxc6 29. Ke2 Kc5 30. Kd3 e5 31. f3 h5 32. g3 f6 33. Ke3 Kd5
34. h4 Kc4 35. g4 fxg4 36. fxg4 hxg4 37. h5 f5 38. h6 f4+ 39. Ke2 f3+ 40. Ke3
e4 41. h7 g3 42. h8=Q g2 43. Qd4+ Kb3 44. Kf2 1-0

[Event "3rd ch-GER Internet Blitz Candidates"]
[Site "playchess INT"]
[Date "2005.04.02"]
[Round "10"]
[White "Womacka, M."]
[Black "Vuckovic, Alek"]
[Result "1/2-1/2"]
[WhiteElo "2436"]
[BlackElo "2325"]
[PlyCount "110"]
[EventDate "2005.04.02"]
[EventType "swiss (blitz)"]
[EventRounds "15"]
[Source "Mark Crowther"]
[SourceDate "2005.04.04"]

1. e4 c5 2. Nf3 Nc6 3. d4 cxd4 4. Nxd4 g6 5. c4 Bg7 6. Be3 Nf6 7. Nc3 Ng4 8.
Qxg4 Nxd4 9. Qd1 Ne6 10. Rc1 Qa5 11. Qd2 b6 12. b3 Bb7 13. f3 g5 14. Nd5 Qxd2+
15. Kxd2 Rc8 16. h4 h6 17. Be2 Rg8 18. hxg5 hxg5 19. g3 d6 20. Bf1 Be5 21. Bf2
Nd4 22. Bg2 e6 23. Ne3 Nc6 24. Ng4 Bb2 25. Rb1 Bg7 26. Rh7 Kf8 27. Rd1 Ne5 28.
Nxe5 Bxe5 29. Ke2 Ke7 30. Rdh1 Rh8 31. Rxh8 Rxh8 32. Rxh8 Bxh8 33. f4 gxf4 34.
gxf4 Bb2 35. Bf3 f5 36. exf5 Bxf3+ 37. Kxf3 exf5 38. a4 Ke6 39. Ke3 Bc1+ 40.
Kf3 d5 41. cxd5+ Kxd5 42. a5 bxa5 43. Bxa7 Kc6 44. Bd4 Kb5 45. Bc3 Ba3 46. Ke3
Bb4 47. Kd3 Bxc3 48. Kxc3 Kc5 49. Kd3 Kb4 50. Kc2 Kb5 51. Kd3 Kc5 52. Kc3 Kd5
53. Kd3 Kc5 54. Kc3 Kd5 55. Kd3 Kc5 1/2-1/2

[Event "3rd ch-GER Internet Blitz Candidates"]
[Site "playchess INT"]
[Date "2005.04.02"]
[Round "10"]
[White "Schoeneberg, M."]
[Black "Rodewis, T."]
[Result "0-1"]
[WhiteElo "2326"]
[BlackElo "2364"]
[PlyCount "88"]
[EventDate "2005.04.02"]
[EventType "swiss (blitz)"]
[EventRounds "15"]
[Source "Mark Crowther"]
[SourceDate "2005.04.04"]

1. e4 c5 2. Nf3 Nf6 3. Nc3 Nc6 4. d4 d5 5. exd5 Nxd5 6. Bb5 Nxc3 7. bxc3 e6 8.
O-O Be7 9. Bxc6+ bxc6 10. Ne5 Qd5 11. Be3 Ba6 12. Re1 O-O 13. Qf3 Qxf3 14. gxf3
cxd4 15. cxd4 Rfc8 16. Rab1 f6 17. Nd7 Bc4 18. a4 Bd5 19. Rec1 Bxf3 20. c4 Rc7
21. Nc5 Kf7 22. Bf4 e5 23. dxe5 Bxc5 24. e6+ Kxe6 25. Bxc7 Kf5 26. Rb8 Rxb8 27.
Bxb8 Be2 28. Re1 Bd3 29. Rd1 Be2 30. Rd7 a5 31. Ba7 Bb4 32. c5 Bc4 33. Rc7 Bd5
34. Rxg7 Bb3 35. Rxh7 Bxa4 36. Bb6 Bb5 37. Ra7 a4 38. Kg2 a3 39. h4 Bc4 40. h5
Kg5 41. h6 Kxh6 42. Bd8 Kg6 43. Be7 a2 44. Bd6 Bc3 0-1

[Event "3rd ch-GER Internet Blitz Candidates"]
[Site "playchess INT"]
[Date "2005.04.02"]
[Round "10"]
[White "Peschlow, P."]
[Black "Hoffmann, L."]
[Result "1-0"]
[WhiteElo "2318"]
[BlackElo "2157"]
[PlyCount "75"]
[EventDate "2005.04.02"]
[EventType "swiss (blitz)"]
[EventRounds "15"]
[Source "Mark Crowther"]
[SourceDate "2005.04.04"]

1. e4 c5 2. Nf3 e6 3. d4 cxd4 4. Nxd4 Nf6 5. Nc3 Nc6 6. Be2 Bb4 7. O-O Bxc3 8.
bxc3 Nxe4 9. Bd3 Nf6 10. Ba3 d6 11. Nb5 O-O 12. Nxd6 Qa5 13. Nc4 Qxc3 14. Bb2
Qb4 15. Bxf6 gxf6 16. Qg4+ Kh8 17. Qh4 f5 18. Qf6+ Kg8 19. Rfe1 Qe7 20. Qh6 Qd8
21. Rad1 Qd4 22. Bxf5 Qg7 23. Qxg7+ Kxg7 24. Be4 Rb8 25. Rd6 Nb4 26. Rb1 Nxa2
27. Rd3 b5 28. Nd6 f5 29. Bf3 e5 30. Bd5 Rd8 31. Bxa2 Ba6 32. Nxf5+ Kf6 33.
Rxd8 Rxd8 34. Ne3 Rd2 35. Bb3 b4 36. Ra1 Bb5 37. Rxa7 Rd1+ 38. Nxd1 1-0

[Event "3rd ch-GER Internet Blitz Candidates"]
[Site "playchess INT"]
[Date "2005.04.02"]
[Round "10"]
[White "Muse, D."]
[Black "Brener, I."]
[Result "1/2-1/2"]
[WhiteElo "2418"]
[BlackElo "2321"]
[PlyCount "146"]
[EventDate "2005.04.02"]
[EventType "swiss (blitz)"]
[EventRounds "15"]
[Source "Mark Crowther"]
[SourceDate "2005.04.04"]

1. d4 Nf6 2. Nf3 g6 3. g3 Bg7 4. Bg2 O-O 5. O-O d6 6. b3 c5 7. Bb2 cxd4 8. Nxd4
d5 9. c4 dxc4 10. bxc4 Qb6 11. Nb5 Rd8 12. Qb3 a6 13. N5c3 Qxb3 14. axb3 Nc6
15. Na4 Bf5 16. Nb6 Rab8 17. Bxc6 bxc6 18. Rxa6 Nd7 19. Nxd7 Rxd7 20. Bxg7 Kxg7
21. Ra3 Bc2 22. Rc1 Bxb3 23. c5 Be6 24. f3 Rb2 25. Kf2 Rdb7 26. Nc3 Bc4 27. Re1
Rc2 28. Na4 Ra7 29. Rc3 Rxc3 30. Nxc3 Ra5 31. Rc1 Ba6 32. Ne4 f5 33. Ng5 h6 34.
Ne6+ Kf6 35. Nd4 Bb5 36. f4 e5 37. Nf3 exf4 38. gxf4 Ra4 39. e3 g5 40. Nd4 gxf4
41. Nxb5 cxb5 42. c6 fxe3+ 43. Kxe3 Ra8 44. c7 Rc8 45. Kd4 Ke6 46. Rc5 b4 47.
h4 b3 48. Kc3 b2 49. Kxb2 f4 50. Kc2 Kd6 51. Rf5 Rxc7+ 52. Kd3 Ke6 53. Rh5 Kf6
54. Ke4 Rc4+ 55. Kf3 Kg6 56. Rd5 Ra4 57. Kg4 h5+ 58. Kf3 Kh6 59. Rd6+ Kg7 60.
Rb6 Kf7 61. Rh6 Kg7 62. Rxh5 Kg6 63. Rg5+ Kh6 64. Rb5 Kg6 65. h5+ Kh6 66. Kg4
Kg7 67. Rb6 Kf7 68. h6 Kg8 69. Rf6 Kh7 70. Kg5 Ra5+ 71. Kg4 Ra4 72. Rxf4 Rxf4+
73. Kxf4 Kxh6 1/2-1/2

[Event "3rd ch-GER Internet Blitz Candidates"]
[Site "playchess INT"]
[Date "2005.04.02"]
[Round "10"]
[White "Buchenau, F."]
[Black "Berelovich, A."]
[Result "0-1"]
[WhiteElo "2345"]
[BlackElo "2542"]
[PlyCount "124"]
[EventDate "2005.04.02"]
[EventType "swiss (blitz)"]
[EventRounds "15"]
[Source "Mark Crowther"]
[SourceDate "2005.04.04"]

1. e4 e6 2. Nf3 d5 3. Nc3 dxe4 4. Nxe4 Be7 5. d4 Nf6 6. Bd3 Bd7 7. O-O Bc6 8.
Qe2 Nbd7 9. Re1 O-O 10. Bd2 Bxe4 11. Bxe4 Nxe4 12. Qxe4 c6 13. c4 Bf6 14. Bc3
Qc7 15. Rad1 Rad8 16. h4 b5 17. b3 bxc4 18. bxc4 Nb6 19. Ne5 Bxe5 20. dxe5 Rxd1
21. Rxd1 h5 22. Qd4 c5 23. Qe4 Rd8 24. Rd3 Rxd3 25. Qxd3 Qd7 26. Qe2 Qa4 27.
Qxh5 Qxc4 28. Ba5 Qc1+ 29. Kh2 Qf4+ 30. Kg1 Nd5 31. g3 Qe4 32. Qg5 c4 33. h5
Kh7 34. Bd2 c3 35. Bc1 Qf5 36. Qxf5+ exf5 37. a3 Nb6 38. Kf1 Nc4 39. f4 Kh6 40.
g4 fxg4 41. f5+ Kxh5 42. e6 fxe6 43. fxe6 Kg6 44. Ke2 Kf6 45. Kd3 g3 46. Ke2
Ne5 47. Bf4 c2 48. Bxe5+ Kxe6 49. Bb2 Kd5 50. Kf3 Kc4 51. Kxg3 Kb3 52. Bc1 Ka2
53. Kg4 Kb1 54. Be3 c1=Q 55. Bxc1 Kxc1 56. Kg5 a5 57. Kg6 a4 58. Kxg7 Kb2 59.
Kf6 Kxa3 60. Ke5 Kb3 61. Kd4 a3 62. Kd3 a2 0-1

[Event "3rd ch-GER Internet Blitz Candidates"]
[Site "playchess INT"]
[Date "2005.04.02"]
[Round "10"]
[White "Huch, R."]
[Black "Seel, C."]
[Result "0-1"]
[WhiteElo "2325"]
[BlackElo "2477"]
[PlyCount "90"]
[EventDate "2005.04.02"]
[EventType "swiss (blitz)"]
[EventRounds "15"]
[Source "Mark Crowther"]
[SourceDate "2005.04.04"]

1. d4 Nf6 2. c4 g6 3. Nc3 d5 4. Nf3 Bg7 5. e3 O-O 6. cxd5 Nxd5 7. Bc4 Nb6 8.
Bb3 c5 9. O-O cxd4 10. exd4 Nc6 11. d5 Na5 12. Re1 Bg4 13. h3 Nxb3 14. axb3
Bxf3 15. Qxf3 Qd7 16. Bg5 Rfe8 17. Rad1 Rac8 18. Re2 h6 19. Bh4 Kf8 20. Rde1 g5
21. Bg3 Bxc3 22. bxc3 Qxd5 23. Qh5 Rc6 24. c4 Qd3 25. Re4 Rg6 26. R1e3 Qd7 27.
h4 Kg7 28. Be5+ f6 29. Bc3 e5 30. Qe2 gxh4 31. Rxh4 Rd8 32. Rhh3 Qd1+ 33. Qxd1
Rxd1+ 34. Kh2 Rb1 35. Bb4 Nxc4 36. Rc3 b5 37. Bc5 Nd2 38. Rhd3 Ne4 39. Rd7+ Kh8
40. Rc2 Rg7 41. Rd8+ Kh7 42. Be3 Rxb3 43. Rcc8 Ng5 44. Rh8+ Kg6 45. Bxg5 hxg5
0-1

[Event "3rd ch-GER Internet Blitz Candidates"]
[Site "playchess INT"]
[Date "2005.04.02"]
[Round "10"]
[White "Renner, Christo"]
[Black "Kostic, Vl"]
[Result "0-1"]
[WhiteElo "2398"]
[BlackElo "2439"]
[PlyCount "92"]
[EventDate "2005.04.02"]
[EventType "swiss (blitz)"]
[EventRounds "15"]
[Source "Mark Crowther"]
[SourceDate "2005.04.04"]

1. e4 c5 2. Nc3 Nc6 3. g3 g6 4. Bg2 Bg7 5. d3 d6 6. Be3 e5 7. Qd2 h5 8. f4 Nd4
9. Nd5 Ne7 10. Nxe7 Qxe7 11. c3 Nc6 12. Nf3 Bg4 13. O-O O-O 14. f5 gxf5 15.
exf5 Bxf5 16. Nh4 Bg6 17. Bd5 Kh7 18. Nf5 Qf6 19. Bg5 Qxf5 20. Rxf5 Bxf5 21.
Rf1 Bg6 22. Bxc6 bxc6 23. Be7 Rfe8 24. Bxd6 e4 25. dxe4 Rad8 26. Rd1 Re6 27.
Qf4 Rxe4 28. Qf1 h4 29. Bxc5 Rde8 30. Bf2 Bh5 31. Re1 Rxe1 32. Bxe1 Bg6 33.
gxh4 Bh6 34. Bf2 Be4 35. Qe2 Re6 36. h5 f5 37. Qa6 Re7 38. Bd4 Bg7 39. Bxa7 f4
40. Kf2 Bf6 41. Ke2 f3+ 42. Kd2 Bg5+ 43. Be3 Rd7+ 44. Ke1 Bxe3 45. Qc8 f2+ 46.
Ke2 Rf7 0-1